Normal view
MARC view
Entry Personal Name
001 - CONTROL NUMBER
- control field: 61277
003 - CONTROL NUMBER IDENTIFIER
- control field: OSt
005 - DATE AND TIME OF LATEST TRANSACTION
- control field: 20260618112345.0
008 - FIXED-LENGTH DATA ELEMENTS
- fixed length control field: 260618|| aca||aabn | a|a d
040 ## - CATALOGING SOURCE
- Original cataloging agency: OSt
- Transcribing agency: OSt
100 ## - HEADING--PERSONAL NAME
- Personal name: Mishra, Ravi K.
670 ## - SOURCE DATA FOUND
- Source citation: Work cat.: (OSt)533765: Mishra, Ravi K., Demography representation delimitation :, 2025
